000 00563nam a2200181 a 4500
005 20260322212008.0
008 data
090 _aHV 9104 P767 1962
100 1 _aPolsky, Howard W.
245 1 0 _aCottage Six :
_b the social system of delinquent boys in residential treatment /
_cHoward W. Polsky & Russell Sage Foundation.
260 _aNew York
_bRussell Sage Foundation
_cc1962
300 _a193 p. ;
_c ill.
650 0 2 _aAdolescent Psychology
650 0 2 _aJuvenile Delinquency
650 0 2 _aPsychology, Social
710 2 _aRussell Sage Foundation
001 data
999 _c148
_d148